000 00743nam a22001817a 4500
999 _c370943
_d370943
008 201222b ||||| |||| 00| 0 eng d
040 _bger
_cDE-2950
_erda
_aDE-2950
041 _ager
100 _aGasiecki, Joachim:
245 _aJohann Gottfried Rösner (1658-1724) und der Tumult von Thorn/
_cJoachim Gasiecki
653 _aRösner, Johann Gottfried; Bürgermeister, 1658-1724
653 _aZüllichau (Sulechów) <Polen>
773 _dFürstenwalde: Landsmannschaft Ostbrandenburg/ Neumark e.V.
_tOstbrandenburg-Neumark-Kurier: Informationsblatt der Landsmannschaft Ostbrandenburg/Neumark e.V.
_g35. Jahrgang (2021) Nr. 3, September 2021, S. 6-8
942 _cA